| 000 | 00691cam a22002173a 4500 | ||
|---|---|---|---|
| 001 | 44165 | ||
| 003 | PGUSA | ||
| 005 | 20140828084015.0 | ||
| 008 | 131112s2013||||xxu|||||s|||||000 | eng d | ||
| 040 |
_aPGUSA _beng |
||
| 042 | _adc | ||
| 100 | 1 |
_aDix, Beulah Marie, _d1876-1970 |
|
| 245 | 1 | 0 |
_aSoldier Rigdale : _bHow He Sailed in the Mayflower and How He Served Miles Standish _h[electronic resource] / _cBeulah Marie Dix |
| 260 |
_bProject Gutenberg, _c2013 |
||
| 506 | _aPublic domain in the USA. | ||
| 516 | _aElectronic text | ||
| 700 | 1 |
_aBirch, Reginald Bathurst, _d1856-1943 |
|
| 830 | 0 |
_aProject Gutenberg _v44165 |
|
| 856 | 4 | 0 | _uhttp://www.gutenberg.org/ebooks/44165 |
| 942 | _cEB | ||
| 999 |
_c273416 _d273416 |
||